[Event "Ho Chi Minh City HD Bank op 9th"]
[Site "Ho Chi Minh City"]
[Date "2019.03.10"]
[Round "5"]
[White "Nguyen, Dang Hong Phuc"]
[Black "Nandhidhaa, PV."]
[Result "1/2-1/2"]
[WhiteElo "2376"]
[BlackElo "2240"]
[PlyCount "146"]
[EventDate "2019.03.07"]
[EventType "swiss"]
[EventRounds "9"]
[EventCountry "VIE"]
[SourceTitle "CBM 189 Extra"]
[Source "ChessBase"]
[SourceDate "2019.06.03"]
[SourceVersion "1"]
[SourceVersionDate "2019.06.03"]
[SourceQuality "1"]

1. d4 Nf6 2. c4 e6 3. Nf3 d5 4. g3 Bb4+ 5. Bd2 Be7 6. Bg2 0-0 7. 0-0 c6 8. Na3 Bxa3 9. bxa3 dxc4 10. Qc2 b5 11. e4 h6 12. Rfe1 Nbd7 13. Bb4 Re8 14. Rad1 Bb7 15. Nd2 Qb6 16. e5 Nd5 17. Ne4 Nxb4 18. axb4 a5 19. Nd6 Reb8 20. f4 Nf8 21. f5 Rd8 22. fxe6 Nxe6 23. Qf5 Qc7 24. Rf1 Rf8 25. h4 Bc8 26. Qf2 axb4 27. Be4 Ra3 28. Bb1 c5 29. Nxb5 Qc6 30. Nxa3 cxd4 31. Nc2 Bb7 32. Kh2 d3 33. Nxb4 Qb5 34. Nxd3 cxd3 35. Bxd3 Qxe5 36. Qf5 Qxf5 37. Bxf5 Ra8 38. Rd2 Nd4 39. Rxd4 Rxa2+ 40. Kh3 Bg2+ 41. Kg4 g6 42. Bb1 Rb2 43. Rc1 Rf2 44. Rf4 f5+ 45. Bxf5 gxf5+ 46. Kxf5 Re2 47. Rc8+ Kg7 48. Rc7+ Kg8 49. Rd4 Re8 50. g4 h5 51. Kf6 hxg4 52. Rxg4+ Kh8 53. Rgg7 Be4 54. Rg5 Rf8+ 55. Ke5 Re8+ 56. Kf4 Bb1 57. Rc6 Rd8 58. h5 Rg8 59. Re5 Rf8+ 60. Kg5 Rg8+ 61. Kh6 Rd8 62. Re7 Bd3 63. Rce6 Rg8 64. Rd6 Bf5 65. Rf6 Bb1 66. Rfe6 Bf5 67. Re5 Bc2 68. Re8 Bh7 69. Rxg8+ Bxg8 70. Kg6 Bh7+ 71. Kg5 Bc2 72. Kh6 Bb3 73. Re7 Ba2 1/2-1/2